000 01019nam a2200313Ia 4500
003 OSt
005 20221006160455.0
006 a|||||r|||| 00| 0
007 ta
008 221006b |||||||| |||| 00| 0 eng d
020 _a9788997639410
_c
_18.00
024 _a45,266
037 _bGift, KCC (Window on Korea)
_cAnnuals, Advances
040 _aEASL
_cEASL
_beng
041 _2eng
_aeng
082 _aM8.495, Q3
100 _aSONGHOON-LEE Samuel
_9673761
245 0 _aHanbok
_b Timeless fashion tradition
260 _aSeoul
_bSeoul Selection Korea
_c2013
300 _a107p.
_ccm.
490 _v KEL
_aKorea essentials No. 16
650 _a KEL
650 _a Korea - Beauty of hanbok
_9673762
650 _a Korea - Royal Court to wedding Dess
_9673763
650 _a korea - Tradition and Modernity
_9673764
650 _aKorea - The origins of hanbok
_9673765
942 _hM8.495, Q3
_cREF
_2CC
999 _c1113358
_d1113358